00632nam a2200157 a 450000500170000000800410001702000180005805000180007610000180009424500760011226000380018830000220022652001620024865000340041065000300044420140412111307.0010426s19uu xx 00 eng d a0-8234-0728-4 aERbHo65 1989 aKroll, Steven aThe hokey-pokey man /cSteven Kroll ; illustrated by Deborah Kogan Ray. aNew York :bHoliday House,c1989. a1v. (unp.) ; ill. aHearing about the invention of the ice cream cone at the 1904 World's Fair, an ice cream peddler hopes to be the first to introduce the idea in New York City aIce cream, ices, etc.-Fiction aNew York (N.Y.) - Fiction